Sports Quiz

Random Sports or WWE Quiz
Score 0/61 Timer 10:00
0 Plays Today
Year Answer % Correct
2002HHH
98.8%
2002HHH
98.8%
2003HHH
98.8%
2004HHH
98.8%
2005HHH
98.8%
2008John Cena
96.3%
2009John Cena
96.3%
2007Undertaker
95.7%
2008Undertaker
95.7%
2009Undertaker
95.7%
2001Kurt Angle
95%
2001The Rock
95%
2001Chris Jericho
95%
2001The Rock
95%
2001Chris Jericho
95%
2005Batista
95%
2006Kurt Angle
95%
2006Batista
95%
2007Edge
95%
2007Batista
95%
2007Edge
95%
2008Edge
95%
2008Chris Jericho
95%
2008Batista
95%
2008Chris Jericho
95%
2009Edge
95%
2009Edge
95%
2010Chris Jericho
95%
2010Edge
95%
2011Edge
95%
2004Randy Orton
94.4%
Year Answer % Correct
2011Randy Orton
94.4%
2011Randy Orton
94.4%
2013John Cena
94.3%
2011Big Show
93.8%
2012Big Show
93.8%
2010Kane
93.2%
2002Shawn Michaels
92.5%
2011Christian
92.5%
2011Christian
92.5%
2008CM Punk
91.3%
2009CM Punk
91.3%
2009CM Punk
91.3%
2012Sheamus
90.7%
2001Booker T
90.1%
2001Booker T
90.1%
2006Rey Mysterio
90.1%
2006Booker T
90.1%
2010Rey Mysterio
90.1%
2011Dolph Ziggler
90.1%
2013Dolph Ziggler
90.1%
2003Goldberg
89.4%
2013Alberto Del Rio
89.4%
2013Alberto Del Rio
89.4%
2004Chris Benoit
88.8%
2011Mark Henry
88.2%
2011Daniel Bryan
87%
2007The Great Khali
85.7%
2009Jeff Hardy
85.7%
2009Jeff Hardy
85.7%
2010Jack Swagger
82%
Remove Ads.
Support Sporcle.
Get the best of Sporcle when you Go Orange. This ad-free experience offers more features, more stats, and more fun while also helping to support Sporcle. Thank you for becoming a member.

You're not logged in!

Compare scores with friends on all Sporcle quizzes.
OR
Log In

Show Comments

Extras

Created Oct 17, 2013ReportNominate
Tags:WWE Quiz

Top Quizzes Today


Score Distribution

Your Account Isn't Verified!

In order to create a playlist on Sporcle, you need to verify the email address you used during registration. Go to your Sporcle Settings to finish the process.

Report this User

Report this user for behavior that violates our Community Guidelines.

Details: